El Contiente invertido: desigualdades en América Latina /
América Latina es la región que registra las mayores desigualdades en la distribución de recursos. Este documento define un conjunto de elementos que caracterizan a las estructuras sociales de ese continente, sugiere algunas líneas de análisis y respalda la incorporación de los estudios regionales a...
Պահպանված է:
| Հիմնական հեղինակ: | |
|---|---|
| Այլ հեղինակներ: | , |
| Ձևաչափ: | Տեքստ |
| Խորագրեր: | |
| Ցուցիչներ: |
Ավելացրեք ցուցիչ
Չկան պիտակներ, Եղեք առաջինը, ով նշում է այս գրառումը!
|
MARC
| LEADER | 00000 a a2200000 04500 | ||
|---|---|---|---|
| 001 | 10753 | ||
| 003 | |||
| 040 | |||
| 100 | |a Hoffman, Kelly | ||
| 245 | |a El Contiente invertido: |b desigualdades en América Latina / |c Kelly Hoffman ; Miguel Angel Centeno ; Rryan R. Roberts | ||
| 520 | |a América Latina es la región que registra las mayores desigualdades en la distribución de recursos. Este documento define un conjunto de elementos que caracterizan a las estructuras sociales de ese continente, sugiere algunas líneas de análisis y respalda la incorporación de los estudios regionales a una discusión más amplia sobre la estratificación. Se propone una revisión de la situación del continente como un todo, incluyendo una breve discusión sobre la relación entre pobreza y desigualdad. Seguidamente, se aborda el tema de las clases y se concluye con la identificación de tres factores críticos para explicar la desigualdad en América Latina: su ubicación dentro del sistema económico mundial, el colonialismo interno con perpetuación de las categorías raciales y el subdesarrollo de las estructuras estatales | ||
| 650 | |a DESIGUALDAD ECONOMICA | ||
| 650 | |a POBREZA | ||
| 650 | |a CONCENTRACION DEL CAPITAL | ||
| 650 | |a TENENCIA DE LA TIERRA | ||
| 650 | |a ASIGNACION DE RECURSOS | ||
| 650 | |a ACCESO A LA SALUD | ||
| 650 | |a SERVICIOS PUBLICOS | ||
| 650 | |a OPORTUNIDADES DE EMPLEO | ||
| 650 | |a ACCESO A LA EDUCACION | ||
| 650 | |a ESTRATIFICACION SOCIAL | ||
| 650 | |a GLOBALIZACION | ||
| 650 | |a INTEGRACION ECONOMICA | ||
| 650 | |a DESIGUALDAD ECONOMICA | ||
| 650 | |a ANALISIS COMPARATIVO | ||
| 700 | |a Centeno, Miguel Angel | ||
| 700 | |a Roberts, Rryan R. | ||
| 773 | |g número 193; páginas 97-118 | ||
| 999 | |c 31090 |d 31090 | ||
